[Event "VIE-ch U11 Girls"]
[Site "Ho Chi Minh City"]
[Date "2014.07.15"]
[Round "5"]
[White "Tran, Thi Kim Lien"]
[Black "Vo, Ngoc Bao Tran"]
[Result "1/2-1/2"]
[WhiteElo "1734"]
[BlackElo "1705"]
[PlyCount "63"]
[EventDate "2014.07.13"]
[EventType "swiss"]
[EventRounds "9"]
[EventCountry "VIE"]
[SourceTitle "EXT 2016"]
[Source "ChessBase"]
[SourceDate "2015.10.08"]
[SourceVersion "1"]
[SourceVersionDate "2015.10.08"]
[SourceQuality "1"]

1. e4 e5 2. Nf3 Nc6 3. Bb5 a6 4. Ba4 Bc5 5. Nc3 d6 6. h3 Bd7 7. d3 h6 8. 0-0 Nf6 9. Re1 0-0 10. Be3 Bxe3 11. Rxe3 Nd4 12. Bxd7 Qxd7 13. Re1 Nxf3+ 14. Qxf3 c6 15. Qd1 Rfe8 16. Qd2 d5 17. exd5 Nxd5 18. Nxd5 Qxd5 19. Re2 Re6 20. a3 Rd8 21. Rd1 b6 22. b4 Rdd6 23. Re4 Qxe4 24. dxe4 Rxd2 25. Rxd2 Kh7 26. c4 b5 27. cxb5 cxb5 28. Ra2 Rd6 29. f3 a5 30. Kf2 axb4 31. axb4 f6 32. Ra7 1/2-1/2

[Event "VIE-ch U11 Girls"]
[Site "Ho Chi Minh City"]
[Date "2014.07.15"]
[Round "4"]
[White "Vo, Ngoc Bao Tran"]
[Black "Pham, Thi Ngoc Nhi"]
[Result "1/2-1/2"]
[WhiteElo "1705"]
[BlackElo "1721"]
[PlyCount "72"]
[EventDate "2014.07.13"]
[EventType "swiss"]
[EventRounds "9"]
[EventCountry "VIE"]
[SourceTitle "EXT 2016"]
[Source "ChessBase"]
[SourceDate "2015.10.08"]
[SourceVersion "1"]
[SourceVersionDate "2015.10.08"]
[SourceQuality "1"]

1. d4 d5 2. Bf4 Nc6 3. Nf3 Nf6 4. e3 e6 5. Be2 Bd6 6. Bxd6 Qxd6 7. a3 0-0 8. 0-0 Re8 9. Re1 Qd8 10. Bb5 Bd7 11. Bxc6 Bxc6 12. h3 h6 13. Nbd2 a6 14. Nb3 b6 15. a4 Rb8 16. Qd3 b5 17. Ne5 Qd6 18. Na5 Bd7 19. Nxd7 Qxd7 20. axb5 Qxb5 21. Qxb5 axb5 22. Nc6 Rb6 23. Nb4 e5 24. dxe5 Rxe5 25. Rad1 Rd6 26. f4 Re4 27. Rd4 Rde6 28. Kf2 c5 29. Nd3 cxd4 30. Nc5 Re8 31. Nxe4 Nxe4+ 32. Kg1 Nf6 33. Kf2 Ne4+ 34. Kg1 Nf6 35. Kf2 Ne4+ 36. Kg1 g5 1/2-1/2

[Event "VIE-ch U11 Girls"]
[Site "Ho Chi Minh City"]
[Date "2014.07.13"]
[Round "1"]
[White "Vo, Ngoc Bao Tran"]
[Black "Du, Thi Tung Linh"]
[Result "1/2-1/2"]
[WhiteElo "1705"]
[BlackElo "1733"]
[PlyCount "85"]
[EventDate "2014.07.13"]
[EventType "swiss"]
[EventRounds "9"]
[EventCountry "VIE"]
[SourceTitle "EXT 2016"]
[Source "ChessBase"]
[SourceDate "2015.10.08"]
[SourceVersion "1"]
[SourceVersionDate "2015.10.08"]
[SourceQuality "1"]

1. d4 d5 2. Bf4 Nc6 3. Nf3 Bf5 4. a3 e6 5. e3 h6 6. h3 Bd6 7. Bxd6 Qxd6 8. Bd3 Bxd3 9. Qxd3 a6 10. Nbd2 Nf6 11. 0-0 0-0 12. Rad1 Rad8 13. c3 Rfe8 14. e4 Nh5 15. e5 Qe7 16. Qe3 f6 17. g4 fxe5 18. dxe5 Qf7 19. gxh5 Qxh5 20. Kh2 Rf8 21. Rh1 Qf7 22. Rdg1 Qf4+ 23. Qxf4 Rxf4 24. Rg3 Rf5 25. Rhg1 Rd7 26. Re1 a5 27. Re2 b5 28. Nd4 Nxd4 29. cxd4 b4 30. axb4 axb4 31. Rf3 Rh5 32. Ree3 Rh4 33. Rb3 Rxd4 34. Rbd3 Rh4 35. Kg3 Rh5 36. Rd4 c5 37. Rh4 Rxe5 38. Re3 Rxe3+ 39. fxe3 d4 40. Re4 Rd6 41. Kf4 g5+ 42. Ke5 Rd5+ 43. Kxe6 1/2-1/2